| 000 | 00602cam a2200229 a 4500 | ||
|---|---|---|---|
| 001 | 548547 | ||
| 005 | 20171222073421.0 | ||
| 008 | 880802s1989 ilua b 001 0 eng c | ||
| 010 | _a 88020868 | ||
| 020 | _a0815148054 | ||
| 040 |
_aDNLM/DLC _cDLC _dDLC |
||
| 041 | _aeng | ||
| 060 | _aWW 600 E975 | ||
| 080 | _a618.920977 ISE | ||
| 082 | 0 | 0 |
_a618.920977 ISE _219 |
| 100 | _a8 | ||
| 101 | _aOFT | ||
| 245 | 0 | 4 |
_aThe Eye in infancy / _c[edited by] Sherwin J. Isenberg. |
| 504 | _aIncludes bibliographies and index. | ||
| 906 |
_a7 _bcbc _corignew _d1 _eocip _f19 _gy-gencatlg |
||
| 942 |
_2ddc _cBK |
||
| 999 |
_c39340 _d39340 |
||